INFANCY CHILDHOOD (Record no. 58837)
[ view plain ]
| 000 -LEADER | |
|---|---|
| fixed length control field | 00316nam a22001457a 4500 |
| 008 - FIXED-LENGTH DATA ELEMENTS--GENERAL INFORMATION | |
| fixed length control field | 221110b ||||| |||| 00| 0 eng d |
| 020 ## - INTERNATIONAL STANDARD BOOK NUMBER | |
| International Standard Book Number | 2900073355893 |
| 041 ## - LANGUAGE CODE | |
| Language code of text/sound track or separate title | eng |
| 080 ## - UNIVERSAL DECIMAL CLASSIFICATION NUMBER | |
| Universal Decimal Classification number | 618 |
| 082 ## - DEWEY DECIMAL CLASSIFICATION NUMBER | |
| Classification number | 618 PAT |
| 100 ## - Rafti | |
| Rafti | 15.2 |
| 101 ## - Shkurtesa | |
| Shkurtesa | GINE |
| 245 ## - TITLE STATEMENT | |
| Title | INFANCY CHILDHOOD |
| Statement of responsibility, etc | PATTERSON CH |
| 942 ## - ADDED ENTRY ELEMENTS (KOHA) | |
| Source of classification or shelving scheme | |
| Item type | Books |
| Withdrawn status | Lost status | Source of classification or shelving scheme | Damaged status | Not for loan | Collection code | Permanent location | Current location | Date acquired | Total Checkouts | Full call number | Barcode | Date last seen | Price effective from | Koha item type |
|---|---|---|---|---|---|---|---|---|---|---|---|---|---|---|
| Koleksioni i përgjithshem | UBT - Lipjan | UBT - Lipjan | 11/10/2022 | 618 PAT | 002-800028700260579 | 11/10/2022 | 11/10/2022 | Books | ||||||
| Koleksioni i përgjithshem | UBT - Lipjan | UBT - Lipjan | 11/10/2022 | 618 PAT | 002-800028700260580 | 11/10/2022 | 11/10/2022 | Books | ||||||
| Koleksioni i përgjithshem | UBT - Lipjan | UBT - Lipjan | 11/10/2022 | 618 PAT | 002-800028700260581 | 11/10/2022 | 11/10/2022 | Books | ||||||
| Koleksioni i përgjithshem | UBT - Lipjan | UBT - Lipjan | 11/10/2022 | 618 PAT | 002-800028700260582 | 11/10/2022 | 11/10/2022 | Books |